| 000 | 00751nam a22002177a 4500 | ||
|---|---|---|---|
| 999 |
_c369 _d369 |
||
| 003 | AR-CdUCM | ||
| 008 | 190223b ||||| |||| 00| 0 spa d | ||
| 020 | _a8403170238 | ||
| 040 |
_aMUNICIPALIDAD PROVINCIAL DEL CUSCO _cBIBLIOTECA MUNICIPAL DEL CUSCO |
||
| 082 |
_a884.6 / _bT38 |
||
| 100 |
_aTeocrito _91490 |
||
| 245 | _aIdilios / | ||
| 260 |
_aMadrid : _bAguilar S.A, Ediciones; _c1964. |
||
| 300 |
_a245 paginas ; _c19 cm. |
||
| 505 | _aTeocrito -- El helenismo : Egipto -- El ambiente de Teocrito .. Vida, semblanza y destino -- Las hechiceras ... | ||
| 650 |
_aPoesías pastoriles griegas _91491 |
||
| 650 |
_aTraducciones al francés _91492 |
||
| 650 |
_aPoesías pastoriles griegas _91491 |
||
| 942 |
_2ddc _cLIBROS |
||
| 945 |
_arum _d2019-02-23 |
||